El carácter probabilista del principio de selección natural (Record no. 192075)

MARC details
000 -CABECERA
campo de control de longitud fija 02000nab a2200265 ab4500
005 - FECHA Y HORA DE LA ÚLTIMA TRANSACCIÓN
campo de control 20251114134015.0
008 - ELEMENTOS DE LONGITUD FIJA--INFORMACIÓN GENERAL
campo de control de longitud fija 991125c2016 mx fr p 000 spa d
035 ## - NÚMERO DE CONTROL DEL SISTEMA
Número de control de sistema UPN01000219976
049 ## - COLECCIÓN
Colección ART
003 - IDENTIFICADOR DEL NÚMERO DE CONTROL
campo de control
040 ## - FUENTE DE LA CATALOGACIÓN
Centro catalogador/agencia de origen MX-MxUPN
Lengua de catalogación spa
Centro/agencia transcriptor MX-MxUPN
Normas de descripción aacr
100 1# - ASIENTO PRINCIPAL--NOMBRE PERSONAL
Nombre de persona Rolleri, José Luis
245 13 - MENCIÓN DE TÍTULO
Título El carácter probabilista del principio de selección natural
520 3# - NOTA DE RESUMEN, ETC.
Sumario, etc. Ha sido una cuestión controvertida si el principio de selección natural tiene, hasta cierto punto, un carácter necesario o contingente, causal o aleatorio. En este artículo presento un argumento basado en varios teóricos prominentes de la evolución para el carácter aleatorio extrínseco de los procesos de selección natural, ya que están permeados por factores aleatorios externos: climáticos, atmosféricos, geológicos e incluso astronómicos. Al mismo tiempo, considero que la selección natural, como mecánica principal de la evolución, es una mecánica causal. La tensión aparente de que el presente anterior puede disolverse si se está de acuerdo en que en la evolución los factores causales son probabilísticos mientras que el azar es objetivo. Para reformular el principio de selección natural, aplicaré la teoría probabilística de la causalidad de Suppes como aparato formal. Al hacer esto, pretendo proporcionar algún apoyo a la tesis de que el principio de la teoría de la evolución de Darwin es un principio probabilístico.
Fuente proveedora Ludus vitalis (traducción del resumen hecha con IA)
530 ## - NOTA DE FORMATO FÍSICO ADICIONAL DISPONIBLE
Nota de formato físico adicional disponible Disponible también en formato electrónico
650 02 - ASIENTO SECUNDARIO DE MATERIA - TERMINO TEMATICO
Término de materia o nombre geográfico como elemento de entrada Selección natural
9 (RLIN) 4474
650 02 - ASIENTO SECUNDARIO DE MATERIA - TERMINO TEMATICO
Término de materia o nombre geográfico como elemento de entrada Causalidad
9 (RLIN) 6519
653 0# - TERMINO DE INDIZACION - NO CONTROLADO
Término no controlado Probabilidad
653 0# - TERMINO DE INDIZACION - NO CONTROLADO
Término no controlado Proceso determinístico
773 ## - ENLACE AL DOCUMENTO FUENTE/ENTRADA DE REGISTRO ANFITRIÓN
Parte(s) relacionada(s) Vol. 24, no. 46, (2013), p. 49-64
Título Ludus vitalis: revista de filosofía de las ciencias de la vida
Número Internacional Normalizado para Publicaciones Seriadas 1133-5165
856 4# - LOCALIZACIÓN Y ACCESO ELECTRÓNICOS
Identificador Uniforme del Recurso <a href="https://www.centrolombardo.edu.mx/ludus-vitalis-busqueda-avanzada/entry/5745/">https://www.centrolombardo.edu.mx/ludus-vitalis-busqueda-avanzada/entry/5745/</a>
902 ## - ELEMENTOS DE DATOS B LOCAL, LDB (RLIN)
Creó Leonor Sotres/141125
905 ## - TIPO DE MATERIAL
Tipo de material Articulo
942 ## - ELEMENTOS DE PUNTO DE ACCESO ADICIONAL (KOHA)
Tipo de ítem Koha Artículo Impreso
Holdings
Estado de retiro Estado de pérdida Estado dañado No para préstamo Código de colección Localización permanente Ubicación/localización actual Ubicación en estantería Fecha de adquisición Total de préstamos Fecha visto por última vez Identificador Uniforme del Recurso Precio válido a partir de Tipo de ítem Koha
      Disponible (Préstamo en sala) Revistas Bib. Gregorio Torres Quintero Bib. Gregorio Torres Quintero Hemeroteca Sótano 14/11/2025   14/11/2025 https://www.centrolombardo.edu.mx/wp-content/uploads/formidable/45/659-1466-1-PB.pdf 14/11/2025 Artículo Impreso